Двойное независимое турбодетандерное охлаждение при сжижении природного газа; Нефтегазовые технологии; № 4

書誌詳細
Parent link:Нефтегазовые технологии: научно-технический журнал/ World Oil ; Pipe Line Industry ; Gulf Publishing Company.— , 1994-.— 0202-4578
№ 4.— 2004.— С. 39-41
第一著者: Фольетта Х. Х.
言語:ロシア語
出版事項: 2004
シリーズ:Переработка углеводородов
主題:
フォーマット: 図書の章
KOHA link:https://koha.lib.tpu.ru/cgi-bin/koha/opac-detail.pl?biblionumber=401760

MARC

LEADER 00000naa2a2200000 4500
001 401760
005 20231101065620.0
035 |a (RuTPU)RU\TPU\prd\46065 
090 |a 401760 
100 |a 20060912a2006 k y0rusy50 ca 
101 0 |a rus 
102 |a RU 
200 1 |a Двойное независимое турбодетандерное охлаждение при сжижении природного газа  |f Х. Х. Фольетта 
225 1 |a Переработка углеводородов 
461 0 |0 (RuTPU)RU\TPU\prd\1175  |x 0202-4578  |t Нефтегазовые технологии  |o научно-технический журнал  |f World Oil ; Pipe Line Industry ; Gulf Publishing Company  |d 1994- 
463 0 |0 (RuTPU)RU\TPU\prd\27456  |t № 4  |v С. 39-41  |d 2004 
610 1 |a природный газ 
610 1 |a сжижение 
610 1 |a турбодетандерное охлаждение 
610 1 |a добыча газа 
610 1 |a затраты 
610 1 |a снижение 
610 1 |a морской шельф 
610 1 |a плавучие установки 
700 1 |a Фольетта  |b Х. Х. 
801 1 |a RU  |b 63413507  |c 20060912  |g PSBO 
801 2 |a RU  |b 63413507  |c 20120116  |g RCR 
942 |c BK